| 000 | 01054nam a2200265 a 4500 | ||
|---|---|---|---|
| 001 | BRCA_6039 | ||
| 005 | 20190320205316.0 | ||
| 008 | 120511s1979----u--a######---#000-0#eng-# | ||
| 020 | _a0896590232 | ||
| 041 | _aeng | ||
| 044 | _au | ||
| 050 | 4 |
_aPQ6323 _b.C47 1979 |
|
| 100 | 1 |
_aCervantes Saavedra, Miguel de _d1547-1616 _9213 |
|
| 245 | 1 | 0 |
_aThe first part of the life and achievements of the renowned Don Quixote de la Mancha _cMiguel de Cervantes Saavedra ; translated by Peter Motteux ; illustrated by Salvador Dalí. |
| 260 |
_aEstados Unidos de América _bAbbeville Press _c1979 |
||
| 300 |
_axviii, 587 p. _bil. (algunas a color) _c24 cm. |
||
| 650 | 1 | 4 |
_aNovela española _yÉpoca clásica, 1500-1700 _9215 |
| 650 | 1 | 4 |
_aLiteratura española _yÉpoca clásica, 1500-1700 _9216 |
| 650 | 1 | 4 |
_aNovela española _ySiglo XVII _9217 |
| 650 | 1 | 4 |
_aDon Quijote (Personaje ficticio) _vNovela _911664 |
| 700 | 1 |
_aMotteux, Peter _d1663-1718 _eTraductor _915235 |
|
| 700 | 1 |
_aDalí, Salvador _d1904-1989 _eIlustrador _915236 |
|
| 902 | _aQAG | ||
| 942 |
_2lcc _cB |
||
| 999 |
_c5727 _d5727 |
||